000 00608nam a22002417a 4500
003 UA-OsUOA
001 20567
007 ta
008 20031101b un ||||| |||| 00| 0 ukr d
090 _a913(64)
_bК68
942 _cBK
040 _aUA-OsUOA
_brus
_cUA-OsUOA
_dUA-OsUOA
245 _aКоролевство Марокко
_cА.И.Кузьмин В.В.Наумкин К.М.Труевцев
300 _a271 с.
955 _a0
041 _arus
080 _a913(64)
020 _a5-02-017142-5
260 _aМосква
_bНаука
_c1991
044 _aRU
650 7 _2UDC
999 _c306747
_d306747